| 000 | 01062cad a22002055a 4500 | ||
|---|---|---|---|
| 001 | L156718 | ||
| 008 | 120628s2012 xxk f 000 0 eng d | ||
| 035 | _a(Sirsi) u156718 | ||
| 041 | 0 | _aeng | |
| 110 | 2 |
_aSavills _92020 |
|
| 245 | 0 | 0 |
_aSpotlight on Prime rental markets 2012 _h[electronic resource] |
| 260 |
_aLondon _bSavills _c2012 |
||
| 490 | 0 |
_aSavills Research Spotlight on Prime Rental Markets _v2 Qr 2012 |
|
| 520 | _aHighlights recent trends in prime rental markets including a reduction in annual rental growth in London markets for the first time in over two years with London South West and South East the best performing areas. The prime sectors particularly in London and South East continue to attract investment from overseas investors. Rental growth is stronger in the mainstream than prime. | ||
| 590 | _aKA NTK | ||
| 651 | 4 |
_aUnited Kingdom _y |
|
| 690 |
_aResidential property _96266 |
||
| 856 | 4 | 0 |
_uhttps://www.savills.co.uk/research/residential-research.aspx _zView the report after free registration at www.savills.co.uk |
| 942 | _n0 | ||
| 999 |
_c114386 _d114386 |
||